Вып. 33 : Геологическое строение северного склона Западного Саяна в районе рек Табат и Б. и М. Арбат; Материалы по геологии Западно-Сибирского края

מידע ביבליוגרפי
Parent link:Материалы по геологии Западно-Сибирского края=Records of the geology of the west Siberian region/ Западно-Сибирский геологоразведочный трест. Вып. 33 : Геологическое строение северного склона Западного Саяна в районе рек Табат и Б. и М. Арбат.— , 1933-1937
מחבר ראשי: Полетаева О. К.
מחברים אחרים: Шатров И. Е. (редактор), Усов М. А. Михаил Антонович
שפה:רוסית
אנגלית
יצא לאור: 1936
נושאים:
פורמט: ספר
KOHA link:https://koha.lib.tpu.ru/cgi-bin/koha/opac-detail.pl?biblionumber=203058

MARC

LEADER 00000nam2a2200000 4500
001 203058
005 20231101225128.0
035 |a (RuTPU)RU\TPU\book\221274 
035 |a RU\TPU\book\221266 
090 |a 203058 
100 |a 20111027d1936 k y0rusy50 ca 
101 0 |a rus  |a eng 
102 |a RU 
105 |a ab z 001zy 
200 0 |a Вып. 33 : Геологическое строение северного склона Западного Саяна в районе рек Табат и Б. и М. Арбат  |f О. К. Полетаева, И. Е. Шатров  |g отв. ред. М. А. Усов 
210 |d 1936 
215 |a 44 с.  |c ил., карты 
317 |5 63413507: КР-1016  |a Поступила в НТБ в 2004 г. в составе книжного собрания профессора ТПИ К. В. Радугина. 
320 |a Библиогр. в конце ст. 
461 0 |0 (RuTPU)RU\TPU\book\221179  |t Материалы по геологии Западно-Сибирского края  |l Records of the geology of the west Siberian region  |f Западно-Сибирский геологоразведочный трест  |v Вып. 33 : Геологическое строение северного склона Западного Саяна в районе рек Табат и Б. и М. Арбат  |d 1933-1937 
606 1 |a Геология  |y Западная Сибирь  |2 stltpush  |3 (RuTPU)RU\TPU\subj\70290  |9 84644 
610 1 |a стратиграфия 
610 1 |a полезные ископаемые 
610 1 |a геоморфология 
610 1 |a орография 
610 1 |a гидрография 
610 1 |a тектоника 
610 1 |a кембрий 
610 1 |a Западный Саян 
610 1 |a реки 
610 1 |a Библиотека К. В. Радугина 
610 1 |a Библиотека М. А. Усова 
675 |a 55(571.1)  |v 3 
700 1 |a Полетаева  |b О. К. 
701 1 |a Шатров  |b И. Е. 
702 1 |a Усов  |b М. А.  |c российский геолог  |c профессор Томского технологического института  |f 1883-1939  |g Михаил Антонович  |2 stltpush  |3 (RuTPU)RU\TPU\pers\1941  |4 340 
801 1 |a RU  |b 63413507  |c 20111025 
801 2 |a RU  |b 63413507  |c 20221114  |g RCR 
942 |c BK